000 00551nam a22001817a 4500
020 _qHard Cover.
082 _aBEE-5 YAS
100 _aYasir Altaf : Muhammad Mohsin
245 _aDesign and Analysis of a Broadband BALUN (1GHz to 6 GHz)
_cAltaf Yasir : Muhammad Mohsin
260 _aIslamabad:
_bSEECS NUST,
_c2012.
300 _c30cm.
563 _aH/B
650 _aBEE
700 _6Ahsan Azhar
856 _uhttp://10.250.8.41:8080/xmlui/handle/123456789/11523
942 _2ddc
_cPR
999 _c566062
_d566062